00646 2200241 4500001002100000005001700021008004100038020001800079035002500097090001700122100001600139245005100155250001100206260002600217300003600243500003100279650001400310850001200324990001700336990001700353990001700370990001700387YOGYA-0209000003672520151012144347.0 ind  a979-709-161-9 a0010-020900000036725 a726.1bYus B aYUSUF, Daud aBorobudurcDaoed Yusuf ; ilustrasi, Daud Yusuf aCet. 1 aJakartabKompasc2004 axvi, 163 hlm. :bilus. ;c21 cm aBibliografi : hlm. 150-151 aBorobudur aYOPDYOG a1081-PD/P.06 a1082-PD/P.06 a1083-PD/P.06 a1084-PD/P.06